Hukuk dünyası (Record no. 9042)

MARC details
000 -BAŞLIK
Sabit Uzunlukta Kontrol Alanı 01071na a2200313 4500
001 - KONTROL NUMARASI
Denetim Alanı 16894
003 - KONTROL NUMARASI IDENTIFIER
Denetim Alanı MIRAKIL
005 - SON İŞLEM TARİHİ VE ZAMANI
Denetim Alanı 20181213155233.0
008 - SABİT-BOY VERİ ELEMANLARI - GENEL BİLGİLER
Sabit Uzunlukta Kontrol Alanı 161020b tu 000 0
035 ## - SİSTEM KONTROL NUMARASI
Sistem Kontrol Numarası 16894
040 ## - KATALOGLAMA KAYNAK
Orijinal Kataloglama Ajansı Milas
Kataloglama Dili tur
Metne Dönüştürmek Ajansı TR-AnCHP
041 ## - DİL KODU
Metin / Ses Parça Veya Ayrı Başlığın Dil Kodu tur
082 ## - DEWEY ONLU SINIFLANDIRMA NUMARASI
Sınıflandırma Numarası 340.561
Ürün Numarası H84h 2005
090 ## - SINIFLAMA NUMARASI
Sınıflama Numarası 340.561 H84h 2005
110 ## - ANA GİRİŞ - KURUMSAL ADI
Giriş Elemanı Olarak Kurumsal Ad Veya Yargı Alanı Adı Hukukçular Derneği
245 ## - BAŞLIK TABLOSU
Başlık Hukuk dünyası
Başlığın Kalan Nisan-Mayıs-Haziran 2005
Sorumluluk Tablosu, Vb Hukukçular Derneği ; editör Cahit Özkan
260 ## - YAYIN, DAĞITIM, VB
Yayın, Dağıtım, Vb Yeri İstanbul
Yayıncı, Dağıtıcı, Vs Adı Hukukçular Derneği
Yayın, Dağıtım, Vb Tarihi 2005
300 ## - FİZİKSEL TANIM
Kapsam 255 s.
Boyutlar 23 sm.
310 ## - MEVCUT YAYIN FREKANSI
Güncel Yayın Frekansı 3 Aylık
Geçerli Yayın Frekansının Tarihi Nisan-Mayıs-Haziran 2005
362 ## - YAYIN VE / VEYA SIRALI GÖREVLENDİRİLMESİNE TARİHLERİ
Yayın Ve / Veya Ardışık Kullanım Amacı Tarihleri Yıl 15, Dönem 2
500 ## - GENEL NOT
Genel Not Hukukçular Derneği yayın organıdır.
650 ## - KONU KATMA GİRİŞ - TOPİKAL DÖNEM
Topikal Süreli Veya Coğrafi Ad Giriş Elemanı Ticaret hukuku
Kronolojik Alt Bölümü Süreli yayınlar
Coğrafi Alt Bölümü Türkiye
650 ## - KONU KATMA GİRİŞ - TOPİKAL DÖNEM
Topikal Süreli Veya Coğrafi Ad Giriş Elemanı Mülteci hukuku
Kronolojik Alt Bölümü Süreli yayınlar
Coğrafi Alt Bölümü Türkiye
650 ## - KONU KATMA GİRİŞ - TOPİKAL DÖNEM
Topikal Süreli Veya Coğrafi Ad Giriş Elemanı Ceza hukuku
Genel Alt Bölümü Türk Ceza Kanunu (TCK)
Kronolojik Alt Bölümü Süreli yayınlar
650 ## - KONU KATMA GİRİŞ - TOPİKAL DÖNEM
Topikal Süreli Veya Coğrafi Ad Giriş Elemanı Uluslararası hukuk
Genel Alt Bölümü Avrupa Birliği
Kronolojik Alt Bölümü Süreli yayınlar
Coğrafi Alt Bölümü Türkiye
650 ## - KONU KATMA GİRİŞ - TOPİKAL DÖNEM
Topikal Süreli Veya Coğrafi Ad Giriş Elemanı Hukuk
Kronolojik Alt Bölümü Süreli yayınlar
Coğrafi Alt Bölümü Türkiye
700 ## - KATMA GİRİŞ - KİŞİSEL İSİM
Kişisel Ad Özkan, Cahit
942 ## - EKLENDİ GİRİŞ ELEMANLARI (KOHA)
Sınıflandırma Veya Raf Düzeni Kaynak Dewey Decimal Classification
Koha Öğesi Türü Books
999 ## - SİSTEM KONTROL NUMARALARI (KOHA)
Koha Biblionumber 9042
Koha Biblioitemnumber 9042
Holdings
Kalıcı Konum Mevcut Konum Edinme Tarihi Edinim Kaynak Toplam Check-Out'Lar Tam Çağrı Numarası Barkod Tarih Son Görülme İtibaren Geçerli Fiyatlar Koha Öğesi Türü
CHP Kütüphanesi CHP Kütüphanesi 10/17/2016 Bağış   340.561 H84h 2005 005387 10/17/2016 10/17/2016 Books